Most Common Non-English Languages in California - Statistics

General Stats
  • This quiz has been taken 88 times
  • The average score is 8 of 12
Answer Stats
# Language % Correct
1 Spanish
100%
2 Chinese incl. Mandarin, Cantonese, etc.
96%
10 Japanese
89%
8 Arabic
88%
9 Russian
86%
5 Korean
85%
4 Tagalog
80%
3 Vietnamese
76%
7 Persian
54%
12 Khmer
32%
11 Punjabi
32%
6 Armenian
27%
No matching quizzes found
Score Distribution
Percent of People with Each Score
Percentile by Number Answered
Your Score History
You have not taken this quiz